000 01209nam a2200241Ia 4500
003 Ost
005 20260507075337.0
008 260507s9999||||xx |||||||||||||| ||und||
020 _a21088199579
040 _cfsecg
041 _aara
082 _a330
100 _aالصوفي، فارس جميل
_eمؤلف
245 0 _aالمعايير المحاسبية الدولية و الاداء المالي للشركات الصناعية المساهمة العامة /
_c فارس جميل الصوفي
260 _aعمان:
_bدار جليس الزمان,
_c2012
300 _a169 صفحة؛
_c25 سم
504 _aملاح ص.163
520 _aالسياسات المحاسبية و مفهوم معايير المحاسبة الدولية و أهميتها ، بورصة عمان و الأداء المالي للشركات الصناعية ، الافصاح المالي و المعايير المحاسبية الدولية في بورصة عمان و الاداء المالي للشركات الصناعية و ادوات تقييم الأداء المالي
653 _aالبنوك ـ عمان
653 _aالمحاسبة
653 _aتقييم الأداء
942 _cكتاب
999 _c44058
_d44058